Introduction to polymers (Record no. 131)

000 -LEADER
fixed length control field 00545nam a2200217 a 4500
001 - CONTROL NUMBER
control field 131
003 - CONTROL NUMBER IDENTIFIER
control field BD-DhUET
008 - FIXED-LENGTH DATA ELEMENTS--GENERAL INFORMATION
fixed length control field 111125s2011 flua b 001 0 eng
020 ## - INTERNATIONAL STANDARD BOOK NUMBER
International Standard Book Number 9780849339295
040 ## - CATALOGING SOURCE
Original cataloging agency DLC
Transcribing agency DLC
Modifying agency BD-DhUET
082 00 - DEWEY DECIMAL CLASSIFICATION NUMBER
Classification number 620.192
Item number YOU/2011
100 1# - MAIN ENTRY--PERSONAL NAME
Personal name Young, Robert J.
245 10 - TITLE STATEMENT
Title Introduction to polymers
250 ## - EDITION STATEMENT
Edition statement 3rd ed.
260 ## - PUBLICATION, DISTRIBUTION, ETC. (IMPRINT)
Place of publication, distribution, etc. Boca Raton
Name of publisher, distributor, etc. CRC Press
Date of publication, distribution, etc. 2011
300 ## - PHYSICAL DESCRIPTION
Extent xx, 668 p.
504 ## - BIBLIOGRAPHY, ETC. NOTE
Bibliography, etc Includes bibliographies
650 #0 - SUBJECT ADDED ENTRY--TOPICAL TERM
Topical term or geographic name as entry element Polymers and polimerization
700 1# - ADDED ENTRY--PERSONAL NAME
Personal name Lovell, P. A.
942 ## - ADDED ENTRY ELEMENTS (KOHA)
Koha item type General Book
Holdings
Sublocation or collection (holding branch) Koha item type Koha issues (times borrowed) Damaged status Lost status Source of classification or shelving scheme Location (home branch) Koha normalized classification for sorting Koha full call number Shelving location Copy number Not for loan Price effective from Withdrawn status Piece designation (barcode) Koha date last seen Koha date last borrowed Date acquired
Central Library, BUETGeneral Book1   Central Library, BUET620_000000000000000_192YOU2011620.192/YOU/2011Circulation section1 2014-07-15 1104392024-01-222024-01-132014-07-15
Central Library, BUETGeneral Book    Central Library, BUET620_192000000000000_YOU_2011620.192/YOU/2011Circulation section2 2014-11-09 1125782014-11-09 2014-11-09
Central Library, BUETGeneral Book    Central Library, BUET620_192000000000000_YOU_2011620.192/YOU/2011Circulation section3 2018-05-20 1104402018-05-20 2012-05-08